[Event "Tournoi International du Pays de Charleroi 2018"]
[Site "Roux, Belgium"]
[Date "2018.08.04"]
[Round "9.1"]
[White "Miezis, Normunds"]
[Black "De Schampheleire, Glen"]
[Result "1/2-1/2"]
[WhiteTitle "GM"]
[BlackTitle "FM"]
[WhiteElo "2463"]
[BlackElo "2347"]

1. c4 {[%clk 01:30:54]} {[%emt 00:00:05]} c6 {[%clk 01:30:49]} {[%emt
00:00:11]} 2. e4 {[%clk 01:30:53]} {[%emt 00:00:31]} d5 {[%clk 01:31:11]}
{[%emt 00:00:08]} 3. cxd5 {[%clk 01:31:14]} {[%emt 00:00:09]} cxd5 {[%clk
01:31:36]} {[%emt 00:00:05]} 4. exd5 {[%clk 01:31:33]} {[%emt 00:00:12]} Nf6
{[%clk 01:31:56]} {[%emt 00:00:09]} 5. Qa4+ {[%clk 01:28:37]} {[%emt 00:03:27]}
Nbd7 {[%clk 01:32:15]} {[%emt 00:00:10]} 6. Nc3 {[%clk 01:28:55]} {[%emt
00:00:12]} g6 {[%clk 01:32:23]} {[%emt 00:00:23]} 7. Nf3 {[%clk 01:27:46]}
{[%emt 00:01:38]} Bg7 {[%clk 01:30:19]} {[%emt 00:02:34]} 8. Bc4 {[%clk
01:27:30]} {[%emt 00:00:46]} a6 {[%clk 01:30:01]} {[%emt 00:00:48]} 9. d3
{[%clk 01:26:03]} {[%emt 00:01:56]} O-O {[%clk 01:30:04]} {[%emt 00:00:27]} 10.
Qa3 {[%clk 01:26:03]} {[%emt 00:00:30]} b6 {[%clk 01:29:37]} {[%emt 00:00:58]}
11. O-O {[%clk 01:24:45]} {[%emt 00:01:48]} Bb7 {[%clk 01:29:16]} {[%emt
00:00:51]} 12. Re1 {[%clk 01:24:20]} {[%emt 00:00:55]} Re8 {[%clk 01:27:45]}
{[%emt 00:02:01]} 13. Ng5 {[%clk 01:17:44]} {[%emt 00:07:06]} Rc8 {[%clk
01:25:22]} {[%emt 00:02:52]} 14. d6 {[%clk 00:58:32]} {[%emt 00:19:41]} e6
{[%clk 01:25:01]} {[%emt 00:00:52]} 15. Bd2 {[%clk 00:48:40]} {[%emt 00:10:22]}
Bf8 {[%clk 00:58:50]} {[%emt 00:26:41]} 16. Rac1 {[%clk 00:35:36]} {[%emt
00:13:33]} b5 {[%clk 00:51:11]} {[%emt 00:08:09]} 17. Bb3 {[%clk 00:35:09]}
{[%emt 00:00:56]} Nc5 {[%clk 00:51:00]} {[%emt 00:00:42]} 18. Nce4 {[%clk
00:34:29]} {[%emt 00:01:10]} Nfxe4 {[%clk 00:33:57]} {[%emt 00:17:34]} 19. Nxe4
{[%clk 00:32:28]} {[%emt 00:02:30]} Bxe4 {[%clk 00:34:02]} {[%emt 00:00:25]} 20.
dxe4 {[%clk 00:29:35]} {[%emt 00:03:23]} Bxd6 {[%clk 00:33:56]} {[%emt
00:00:36]} 21. e5 {[%clk 00:20:07]} {[%emt 00:09:58]} Bf8 {[%clk 00:24:43]}
{[%emt 00:09:43]} 22. Red1 {[%clk 00:13:08]} {[%emt 00:07:28]} Nd3 {[%clk
00:15:37]} {[%emt 00:09:36]} 23. Rxc8 {[%clk 00:12:39]} {[%emt 00:00:59]} Qxc8
{[%clk 00:16:04]} {[%emt 00:00:03]} 24. Qa5 {[%clk 00:12:54]} {[%emt 00:00:15]}
Bc5 {[%clk 00:15:34]} {[%emt 00:01:00]} 25. Be3 {[%clk 00:12:12]} {[%emt
00:01:11]} Nxb2 {[%clk 00:15:14]} {[%emt 00:00:51]} 26. Rc1 {[%clk 00:08:53]}
{[%emt 00:03:49]} Nc4 {[%clk 00:14:51]} {[%emt 00:00:53]} 27. Bxc4 {[%clk
00:08:05]} {[%emt 00:01:18]} Bxe3 {[%clk 00:15:13]} {[%emt 00:00:08]} 28. fxe3
{[%clk 00:08:28]} {[%emt 00:00:06]} Qc5 {[%clk 00:10:52]} {[%emt 00:04:51]} 29.
Kf2 {[%clk 00:06:10]} {[%emt 00:02:48]} Rc8 {[%clk 00:10:39]} {[%emt 00:00:44]}
30. Bxe6 {[%clk 00:05:29]} {[%emt 00:01:10]} Qxc1 {[%clk 00:10:52]} 31. Bxc8
{[%clk 00:05:52]} {[%emt 00:00:24]} Qxc8 {[%clk 00:11:06]} {[%emt 00:00:16]} 32.
h3 {[%clk 00:05:01]} {[%emt 00:01:21]} Kg7 {[%clk 00:06:27]} {[%emt 00:05:09]}
33. a3 {[%clk 00:05:17]} {[%emt 00:00:13]} Qf5+ {[%clk 00:06:14]} {[%emt
00:00:44]} 34. Ke2 {[%clk 00:05:00]} {[%emt 00:00:47]} Qe4 {[%clk 00:06:02]}
{[%emt 00:00:42]} 35. Kf2 {[%clk 00:05:11]} {[%emt 00:00:18]} Qf5+ {[%clk
00:04:46]} {[%emt 00:01:47]} 36. Ke2 {[%clk 00:05:25]} {[%emt 00:00:15]} Qg5
{[%clk 00:04:49]} {[%emt 00:00:27]} 37. Kf2 {[%clk 00:05:02]} {[%emt 00:00:53]}
Qf5+ {[%clk 00:04:22]} {[%emt 00:00:58]} 1/2-1/2

[Event "Tournoi International du Pays de Charleroi 2018"]
[Site "Roux, Belgium"]
[Date "2018.08.04"]
[Round "9.10"]
[White "Le Quang, Kim"]
[Black "Schuermans, Robert"]
[Result "1-0"]
[WhiteTitle "FM"]
[WhiteElo "2261"]
[BlackElo "2044"]

1. c4 {[%clk 01:30:54]} {[%emt 00:00:03]} Nc6 {[%clk 01:30:25]} {[%emt
00:00:35]} 2. Nc3 {[%clk 01:30:26]} {[%emt 00:00:58]} e5 {[%clk 01:30:20]}
{[%emt 00:00:36]} 3. g3 {[%clk 01:30:09]} {[%emt 00:00:46]} Nf6 {[%clk
01:29:39]} {[%emt 00:01:12]} 4. Bg2 {[%clk 01:30:23]} {[%emt 00:00:15]} Bc5
{[%clk 01:29:29]} {[%emt 00:00:39]} 5. d3 {[%clk 01:29:44]} {[%emt 00:01:10]}
O-O {[%clk 01:27:47]} {[%emt 00:02:12]} 6. Nf3 {[%clk 01:30:06]} {[%emt
00:00:09]} h6 {[%clk 01:27:15]} {[%emt 00:01:01]} 7. O-O {[%clk 01:30:26]}
{[%emt 00:00:11]} d6 {[%clk 01:24:52]} {[%emt 00:02:52]} 8. a3 {[%clk
01:30:40]} {[%emt 00:00:16]} a5 {[%clk 01:24:48]} {[%emt 00:00:35]} 9. e3
{[%clk 01:30:53]} {[%emt 00:00:17]} Bf5 {[%clk 01:05:10]} {[%emt 00:20:05]} 10.
b3 {[%clk 01:29:32]} {[%emt 00:01:54]} Qd7 {[%clk 01:01:42]} {[%emt 00:03:57]}
11. Bb2 {[%clk 01:23:25]} {[%emt 00:06:38]} Ba7 {[%clk 00:56:05]} {[%emt
00:06:07]} 12. d4 {[%clk 01:20:41]} {[%emt 00:03:15]} e4 {[%clk 00:49:48]}
{[%emt 00:06:45]} 13. Nd2 {[%clk 01:20:46]} {[%emt 00:00:25]} Rfe8 {[%clk
00:47:19]} {[%emt 00:02:59]} 14. Qc2 {[%clk 01:13:07]} {[%emt 00:08:11]} Nxd4
{[%clk 00:37:23]} {[%emt 00:10:24]} 15. exd4 {[%clk 01:13:12]} {[%emt
00:00:26]} e3 {[%clk 00:37:38]} {[%emt 00:00:14]} 16. Nde4 {[%clk 01:06:35]}
{[%emt 00:07:08]} exf2+ {[%clk 00:31:33]} {[%emt 00:06:35]} 17. Rxf2 {[%clk
01:06:19]} {[%emt 00:00:46]} Bxd4 {[%clk 00:25:21]} {[%emt 00:06:42]} 18. Nxf6+
{[%clk 01:06:21]} {[%emt 00:00:28]} gxf6 {[%clk 00:25:36]} {[%emt 00:00:14]} 19.
Qd2 {[%clk 01:05:55]} {[%emt 00:00:57]} Be3 {[%clk 00:23:39]} {[%emt 00:02:27]}
20. Nd5 {[%clk 01:04:46]} {[%emt 00:01:39]} Bxf2+ {[%clk 00:16:00]} {[%emt
00:08:08]} 21. Kxf2 {[%clk 01:04:12]} {[%emt 00:01:04]} Re6 {[%clk 00:15:07]}
{[%emt 00:01:23]} 22. Qxh6 {[%clk 00:59:01]} {[%emt 00:05:42]} Bg6 {[%clk
00:09:00]} {[%emt 00:06:36]} 23. Bxf6 {[%clk 00:57:48]} {[%emt 00:01:44]} Re2+
{[%clk 00:09:01]} {[%emt 00:00:29]} 24. Kxe2 {[%clk 00:57:58]} {[%emt
00:00:21]} Qg4+ {[%clk 00:09:12]} {[%emt 00:00:18]} 25. Kd2 {[%clk 00:56:40]}
{[%emt 00:01:48]} 1-0

[Event "Tournoi International du Pays de Charleroi 2018"]
[Site "Roux, Belgium"]
[Date "2018.08.04"]
[Round "9.7"]
[White "Okhotnik, Vladimir"]
[Black "Henris, Luc"]
[Result "1-0"]
[WhiteTitle "GM"]
[BlackTitle "FM"]
[WhiteElo "2384"]
[BlackElo "2204"]

1. e4 {[%clk 01:30:56]} {[%emt 00:00:01]} e5 {[%clk 01:30:54]} {[%emt
00:00:06]} 2. Nf3 {[%clk 01:31:20]} {[%emt 00:00:06]} d6 {[%clk 01:31:20]}
{[%emt 00:00:04]} 3. d4 {[%clk 01:31:43]} {[%emt 00:00:07]} exd4 {[%clk
01:31:44]} {[%emt 00:00:06]} 4. Nxd4 {[%clk 01:32:08]} {[%emt 00:00:04]} Nf6
{[%clk 01:32:10]} {[%emt 00:00:06]} 5. Nc3 {[%clk 01:32:34]} {[%emt 00:00:02]}
Be7 {[%clk 01:32:36]} {[%emt 00:00:05]} 6. Bd3 {[%clk 01:33:01]} {[%emt
00:00:02]} O-O {[%clk 01:32:34]} {[%emt 00:00:34]} 7. O-O {[%clk 01:33:23]}
{[%emt 00:00:07]} Re8 {[%clk 01:29:42]} {[%emt 00:03:22]} 8. Re1 {[%clk
01:33:02]} {[%emt 00:00:50]} c6 {[%clk 01:29:45]} {[%emt 00:00:27]} 9. h3
{[%clk 01:31:45]} {[%emt 00:01:48]} Nbd7 {[%clk 01:28:35]} {[%emt 00:01:40]} 10.
Nf5 {[%clk 01:27:55]} {[%emt 00:04:19]} Bf8 {[%clk 01:28:47]} {[%emt 00:00:18]}
11. Bg5 {[%clk 01:28:10]} {[%emt 00:00:16]} h6 {[%clk 01:24:32]} {[%emt
00:04:45]} 12. Bh4 {[%clk 01:22:07]} {[%emt 00:06:32]} Nc5 {[%clk 01:14:18]}
{[%emt 00:10:44]} 13. Qf3 {[%clk 01:17:31]} {[%emt 00:05:06]} Bxf5 {[%clk
01:11:20]} {[%emt 00:03:28]} 14. Qxf5 {[%clk 01:17:51]} {[%emt 00:00:11]} Nxd3
{[%clk 01:08:40]} {[%emt 00:03:10]} 15. cxd3 {[%clk 01:18:11]} {[%emt
00:00:05]} Re6 {[%clk 01:03:06]} {[%emt 00:06:09]} 16. d4 {[%clk 01:13:13]}
{[%emt 00:05:28]} Qb6 {[%clk 01:01:56]} {[%emt 00:01:40]} 17. d5 {[%clk
01:13:25]} {[%emt 00:00:18]} Re5 {[%clk 00:59:06]} {[%emt 00:03:20]} 18. Qf3
{[%clk 01:11:09]} {[%emt 00:02:46]} Nd7 {[%clk 00:58:14]} {[%emt 00:01:23]} 19.
Rad1 {[%clk 01:05:02]} {[%emt 00:06:37]} c5 {[%clk 00:56:24]} {[%emt 00:02:21]}
20. Re2 {[%clk 00:50:03]} {[%emt 00:15:29]} Ree8 {[%clk 00:54:22]} {[%emt
00:02:32]} 21. Qd3 {[%clk 00:47:58]} {[%emt 00:02:35]} a6 {[%clk 00:52:32]}
{[%emt 00:02:21]} 22. Kh1 {[%clk 00:46:25]} {[%emt 00:02:02]} g6 {[%clk
00:46:36]} {[%emt 00:06:25]} 23. f4 {[%clk 00:46:35]} {[%emt 00:00:21]} Bg7
{[%clk 00:46:45]} {[%emt 00:00:21]} 24. Rf1 {[%clk 00:44:03]} {[%emt 00:03:01]}
Qc7 {[%clk 00:43:43]} {[%emt 00:03:32]} 25. Be1 {[%clk 00:39:33]} {[%emt
00:05:00]} b5 {[%clk 00:41:58]} {[%emt 00:02:16]} 26. e5 {[%clk 00:39:20]}
{[%emt 00:00:44]} c4 {[%clk 00:38:33]} {[%emt 00:03:55]} 27. Qd1 {[%clk
00:33:48]} {[%emt 00:06:02]} dxe5 {[%clk 00:36:14]} {[%emt 00:02:50]} 28. f5
{[%clk 00:32:57]} {[%emt 00:01:21]} Rad8 {[%clk 00:33:26]} {[%emt 00:03:18]} 29.
fxg6 {[%clk 00:30:20]} {[%emt 00:03:07]} fxg6 {[%clk 00:33:49]} {[%emt
00:00:08]} 30. d6 {[%clk 00:22:57]} {[%emt 00:07:52]} Qc6 {[%clk 00:32:56]}
{[%emt 00:01:23]} 31. Nd5 {[%clk 00:17:53]} {[%emt 00:05:34]} Qxd6 {[%clk
00:31:07]} {[%emt 00:02:19]} 32. Ba5 {[%clk 00:18:19]} {[%emt 00:00:05]} Nc5
{[%clk 00:28:43]} {[%emt 00:02:54]} 33. Bxd8 {[%clk 00:18:35]} {[%emt
00:00:14]} Rxd8 {[%clk 00:28:52]} {[%emt 00:00:21]} 34. Nc3 {[%clk 00:18:22]}
{[%emt 00:00:43]} Nd3 {[%clk 00:28:34]} {[%emt 00:00:49]} 35. Rc2 {[%clk
00:16:08]} {[%emt 00:02:43]} Qe6 {[%clk 00:23:34]} {[%emt 00:05:30]} 36. Qf3
{[%clk 00:12:04]} {[%emt 00:04:34]} Rf8 {[%clk 00:22:42]} {[%emt 00:01:22]} 37.
Qe2 {[%clk 00:12:26]} {[%emt 00:00:08]} Rxf1 {[%clk 00:21:41]} {[%emt
00:01:31]} 38. Qxf1 {[%clk 00:12:52]} {[%emt 00:00:04]} e4 {[%clk 00:21:42]}
{[%emt 00:00:29]} 39. Re2 {[%clk 00:13:01]} {[%emt 00:00:20]} Nxb2 {[%clk
00:18:53]} {[%emt 00:03:19]} 40. Nxe4 {[%clk 00:11:20]} {[%emt 00:02:11]} Nd3
{[%clk 00:17:15]} {[%emt 00:02:08]} 41. Nc5 {[%clk 00:02:44]} {[%emt 00:09:06]}
Qd6 {[%clk 00:09:52]} {[%emt 00:07:53]} 42. Re8+ {[%clk 00:26:21]} {[%emt
00:06:53]} Kh7 {[%clk 00:40:09]} {[%emt 00:00:13]} 43. Qf7 {[%clk 00:26:30]}
{[%emt 00:00:21]} h5 {[%clk 00:40:09]} {[%emt 00:00:30]} 44. Ne6 {[%clk
00:26:56]} {[%emt 00:00:05]} 1-0

[Event "Tournoi International du Pays de Charleroi 2018"]
[Site "Roux, Belgium"]
[Date "2018.08.04"]
[Round "9.5"]
[White "Vesin, Jean-Robert"]
[Black "Cruz Lledo, Pablo"]
[Result "0-1"]
[WhiteTitle "FM"]
[BlackTitle "IM"]
[WhiteElo "2215"]
[BlackElo "2443"]

1. e4 {[%clk 01:30:57]} {[%emt 00:00:02]} c6 {[%clk 01:30:51]} {[%emt
00:00:12]} 2. d4 {[%clk 01:30:58]} {[%emt 00:00:26]} d5 {[%clk 01:31:17]}
{[%emt 00:00:05]} 3. Nc3 {[%clk 01:30:21]} {[%emt 00:01:08]} dxe4 {[%clk
01:29:38]} {[%emt 00:02:09]} 4. Nxe4 {[%clk 01:30:43]} {[%emt 00:00:09]} Nf6
{[%clk 01:30:04]} {[%emt 00:00:02]} 5. Nxf6+ {[%clk 01:30:33]} {[%emt
00:00:40]} gxf6 {[%clk 01:30:29]} {[%emt 00:00:07]} 6. Nf3 {[%clk 01:28:49]}
{[%emt 00:02:12]} Bg4 {[%clk 01:30:38]} {[%emt 00:00:21]} 7. Be2 {[%clk
01:28:16]} {[%emt 00:01:03]} e6 {[%clk 01:30:58]} {[%emt 00:00:11]} 8. Bf4
{[%clk 01:20:02]} {[%emt 00:08:44]} Nd7 {[%clk 01:30:45]} {[%emt 00:00:43]} 9.
Qd2 {[%clk 01:18:35]} {[%emt 00:01:57]} Nb6 {[%clk 01:28:26]} {[%emt 00:02:49]}
10. O-O {[%clk 01:10:50]} {[%emt 00:08:15]} Bd6 {[%clk 01:25:58]} {[%emt
00:02:58]} 11. Rfe1 {[%clk 01:07:49]} {[%emt 00:03:31]} Nd5 {[%clk 01:23:25]}
{[%emt 00:03:04]} 12. Bg3 {[%clk 01:06:59]} {[%emt 00:01:20]} Ne7 {[%clk
01:00:50]} {[%emt 00:23:04]} 13. c4 {[%clk 00:55:44]} {[%emt 00:11:44]} Qc7
{[%clk 00:53:22]} {[%emt 00:07:58]} 14. Bxd6 {[%clk 00:45:53]} {[%emt
00:10:22]} Qxd6 {[%clk 00:53:30]} {[%emt 00:00:23]} 15. Qa5 {[%clk 00:44:55]}
{[%emt 00:01:27]} Rg8 {[%clk 00:47:36]} {[%emt 00:06:23]} 16. Rad1 {[%clk
00:42:37]} {[%emt 00:02:48]} Kf8 {[%clk 00:39:52]} {[%emt 00:08:15]} 17. Qd2
{[%clk 00:41:31]} {[%emt 00:01:36]} Rg7 {[%clk 00:35:21]} {[%emt 00:05:02]} 18.
Qh6 {[%clk 00:36:51]} {[%emt 00:05:09]} Ng6 {[%clk 00:35:15]} {[%emt 00:00:35]}
19. Nh4 {[%clk 00:32:25]} {[%emt 00:04:56]} Bxe2 {[%clk 00:33:53]} {[%emt
00:01:52]} 20. Nxg6+ {[%clk 00:32:14]} {[%emt 00:00:41]} Kg8 {[%clk 00:33:04]}
{[%emt 00:01:20]} 21. Ne7+ {[%clk 00:31:06]} {[%emt 00:01:38]} Qxe7 {[%clk
00:31:44]} {[%emt 00:01:50]} 22. Rxe2 {[%clk 00:31:31]} {[%emt 00:00:05]} Rd8
{[%clk 00:31:21]} {[%emt 00:00:53]} 23. Red2 {[%clk 00:30:28]} {[%emt
00:01:32]} Rg6 {[%clk 00:30:19]} {[%emt 00:01:31]} 24. Qe3 {[%clk 00:30:51]}
{[%emt 00:00:07]} b6 {[%clk 00:28:27]} {[%emt 00:02:23]} 25. g3 {[%clk
00:29:46]} {[%emt 00:01:35]} Qd6 {[%clk 00:25:39]} {[%emt 00:03:18]} 26. b3
{[%clk 00:28:44]} {[%emt 00:01:31]} f5 {[%clk 00:25:57]} {[%emt 00:00:12]} 27.
Qe5 {[%clk 00:28:21]} {[%emt 00:00:54]} f4 {[%clk 00:25:14]} {[%emt 00:01:13]}
28. Qxd6 {[%clk 00:28:02]} {[%emt 00:00:48]} Rxd6 {[%clk 00:25:41]} {[%emt
00:00:03]} 29. Kg2 {[%clk 00:28:15]} {[%emt 00:00:17]} Kg7 {[%clk 00:21:01]}
{[%emt 00:05:11]} 30. Kf3 {[%clk 00:28:27]} {[%emt 00:00:18]} fxg3 {[%clk
00:21:24]} {[%emt 00:00:07]} 31. hxg3 {[%clk 00:28:42]} {[%emt 00:00:14]} f5
{[%clk 00:20:34]} {[%emt 00:01:21]} 32. Ke3 {[%clk 00:27:58]} {[%emt 00:01:13]}
Rg4 {[%clk 00:20:41]} {[%emt 00:00:23]} 33. Kf3 {[%clk 00:26:34]} {[%emt
00:01:53]} h5 {[%clk 00:20:26]} {[%emt 00:00:45]} 34. Rd3 {[%clk 00:25:03]}
{[%emt 00:02:01]} Kf6 {[%clk 00:20:28]} {[%emt 00:00:29]} 35. R3d2 {[%clk
00:24:17]} {[%emt 00:01:16]} h4 {[%clk 00:19:49]} {[%emt 00:01:09]} 36. gxh4
{[%clk 00:24:06]} {[%emt 00:00:41]} Rxh4 {[%clk 00:20:12]} {[%emt 00:00:07]} 37.
Ke3 {[%clk 00:24:18]} {[%emt 00:00:18]} Re4+ {[%clk 00:19:19]} {[%emt
00:01:24]} 38. Kf3 {[%clk 00:24:39]} {[%emt 00:00:08]} a5 {[%clk 00:18:08]}
{[%emt 00:01:42]} 39. Rd3 {[%clk 00:20:27]} {[%emt 00:04:41]} Rd7 {[%clk
00:18:07]} {[%emt 00:00:31]} 40. R1d2 {[%clk 00:20:36]} {[%emt 00:00:22]} Rh4
{[%clk 00:17:30]} {[%emt 00:01:06]} 41. Ke2 {[%clk 00:20:40]} {[%emt 00:00:25]}
Rh1 {[%clk 00:17:04]} {[%emt 00:00:56]} 42. Ke3 {[%clk 00:13:17]} {[%emt
00:07:54]} Rg7 {[%clk 00:15:53]} {[%emt 00:01:42]} 43. d5 {[%clk 00:09:16]}
{[%emt 00:04:31]} exd5 {[%clk 00:11:43]} {[%emt 00:04:40]} 44. cxd5 {[%clk
00:09:40]} {[%emt 00:00:07]} c5 {[%clk 00:12:00]} {[%emt 00:00:13]} 45. f3
{[%clk 00:03:38]} {[%emt 00:06:32]} Ke5 {[%clk 00:10:49]} {[%emt 00:01:41]} 46.
Re2 {[%clk 00:02:21]} {[%emt 00:01:47]} Rh6 {[%clk 00:08:38]} {[%emt 00:02:41]}
47. Kd2+ {[%clk 00:28:51]} {[%emt 00:03:59]} Kd6 {[%clk 00:33:40]} {[%emt
00:05:28]} 48. a4 {[%clk 00:29:17]} {[%emt 00:00:05]} Re7 {[%clk 00:33:23]}
{[%emt 00:00:46]} 49. Rxe7 {[%clk 00:27:50]} {[%emt 00:01:56]} Kxe7 {[%clk
00:33:51]} {[%emt 00:00:03]} 50. Ke3 {[%clk 00:22:31]} {[%emt 00:05:50]} Rh4
{[%clk 00:33:40]} {[%emt 00:00:41]} 51. d6+ {[%clk 00:21:40]} {[%emt 00:01:21]}
Kd7 {[%clk 00:34:07]} {[%emt 00:00:02]} 52. Rd5 {[%clk 00:21:45]} {[%emt
00:00:25]} Rb4 {[%clk 00:34:27]} {[%emt 00:00:10]} 53. Rd3 {[%clk 00:21:41]}
{[%emt 00:00:34]} c4 {[%clk 00:32:29]} {[%emt 00:02:27]} 54. bxc4 {[%clk
00:22:07]} {[%emt 00:00:05]} Rxa4 {[%clk 00:32:00]} {[%emt 00:00:59]} 55. Rb3
{[%clk 00:22:20]} {[%emt 00:00:17]} Rb4 {[%clk 00:32:11]} {[%emt 00:00:20]} 56.
Rc3 {[%clk 00:12:15]} {[%emt 00:10:34]} Kxd6 {[%clk 00:32:20]} {[%emt
00:00:22]} 57. Kf4 {[%clk 00:12:40]} {[%emt 00:00:06]} a4 {[%clk 00:31:41]}
{[%emt 00:01:09]} 58. Kxf5 {[%clk 00:10:42]} {[%emt 00:02:28]} Kc5 {[%clk
00:30:31]} {[%emt 00:01:41]} 0-1

[Event "Tournoi International du Pays de Charleroi 2018"]
[Site "Roux, Belgium"]
[Date "2018.08.04"]
[Round "9.4"]
[White "Kasparov, Sergey"]
[Black "Hoffmeister, Frank"]
[Result "1-0"]
[WhiteTitle "GM"]
[WhiteElo "2449"]
[BlackElo "2170"]

1. e4 {[%clk 01:30:57]} e6 {[%clk 01:30:56]} {[%emt 00:00:04]} 2. d4 {[%clk
01:31:21]} {[%emt 00:00:06]} d5 {[%clk 01:31:24]} {[%emt 00:00:02]} 3. Nd2
{[%clk 01:31:44]} {[%emt 00:00:10]} Nf6 {[%clk 01:31:49]} {[%emt 00:00:03]} 4.
e5 {[%clk 01:32:08]} {[%emt 00:00:05]} Nfd7 {[%clk 01:32:16]} {[%emt 00:00:03]}
5. Bd3 {[%clk 01:32:32]} {[%emt 00:00:07]} c5 {[%clk 01:32:42]} {[%emt
00:00:04]} 6. c3 {[%clk 01:32:56]} {[%emt 00:00:05]} Nc6 {[%clk 01:33:10]}
{[%emt 00:00:02]} 7. Ne2 {[%clk 01:33:16]} {[%emt 00:00:11]} cxd4 {[%clk
01:33:35]} {[%emt 00:00:06]} 8. cxd4 {[%clk 01:33:41]} {[%emt 00:00:06]} f6
{[%clk 01:34:00]} {[%emt 00:00:03]} 9. exf6 {[%clk 01:34:06]} {[%emt 00:00:05]}
Nxf6 {[%clk 01:34:27]} {[%emt 00:00:03]} 10. Nf3 {[%clk 01:34:28]} {[%emt
00:00:08]} Bd6 {[%clk 01:34:54]} {[%emt 00:00:03]} 11. O-O {[%clk 01:34:49]}
{[%emt 00:00:09]} O-O {[%clk 01:35:21]} {[%emt 00:00:03]} 12. Bf4 {[%clk
01:35:13]} {[%emt 00:00:06]} Bxf4 {[%clk 01:34:54]} {[%emt 00:00:58]} 13. Nxf4
{[%clk 01:35:22]} {[%emt 00:00:21]} Ne4 {[%clk 01:35:14]} {[%emt 00:00:11]} 14.
Qc1 {[%clk 01:35:43]} {[%emt 00:00:11]} Qf6 {[%clk 01:33:38]} {[%emt 00:02:04]}
15. Ne2 {[%clk 01:31:10]} {[%emt 00:05:02]} Bd7 {[%clk 01:32:53]} {[%emt
00:01:16]} 16. Qe3 {[%clk 01:30:58]} {[%emt 00:00:41]} Rad8 {[%clk 01:31:17]}
{[%emt 00:02:07]} 17. Bxe4 {[%clk 01:28:34]} {[%emt 00:02:54]} dxe4 {[%clk
01:31:21]} {[%emt 00:00:26]} 18. Qxe4 {[%clk 01:28:35]} {[%emt 00:00:29]} Be8
{[%clk 01:31:33]} {[%emt 00:00:17]} 19. Ne5 {[%clk 01:27:17]} {[%emt 00:01:48]}
Nxe5 {[%clk 01:31:02]} {[%emt 00:01:02]} 20. dxe5 {[%clk 01:27:24]} {[%emt
00:00:23]} Qg5 {[%clk 01:31:26]} {[%emt 00:00:05]} 21. f4 {[%clk 01:25:25]}
{[%emt 00:02:28]} Qe7 {[%clk 01:31:54]} {[%emt 00:00:03]} 22. Qe3 {[%clk
01:24:27]} {[%emt 00:01:29]} Qb4 {[%clk 01:09:14]} {[%emt 00:23:09]} 23. b3
{[%clk 01:16:07]} {[%emt 00:08:50]} Bb5 {[%clk 01:01:18]} {[%emt 00:08:25]} 24.
Rae1 {[%clk 01:06:51]} {[%emt 00:09:46]} Qd2 {[%clk 00:58:55]} {[%emt
00:02:54]} 25. Qxd2 {[%clk 01:06:47]} {[%emt 00:00:35]} Rxd2 {[%clk 00:57:58]}
{[%emt 00:01:26]} 26. Rf2 {[%clk 01:06:23]} {[%emt 00:00:53]} Rxa2 {[%clk
00:44:29]} {[%emt 00:13:59]} 27. Nd4 {[%clk 01:05:13]} {[%emt 00:01:41]} Rxf2
{[%clk 00:40:56]} {[%emt 00:04:03]} 28. Kxf2 {[%clk 01:05:30]} {[%emt
00:00:13]} Bd7 {[%clk 00:38:50]} {[%emt 00:02:36]} 29. Ke3 {[%clk 01:03:55]}
{[%emt 00:02:05]} Rc8 {[%clk 00:39:13]} {[%emt 00:00:07]} 30. Kd3 {[%clk
01:00:38]} {[%emt 00:03:48]} a5 {[%clk 00:26:51]} {[%emt 00:12:52]} 31. g4
{[%clk 00:58:34]} {[%emt 00:02:33]} Rc5 {[%clk 00:25:31]} {[%emt 00:01:50]} 32.
Rb1 {[%clk 00:55:30]} {[%emt 00:03:35]} Rc7 {[%clk 00:20:13]} {[%emt 00:05:47]}
33. f5 {[%clk 00:53:31]} {[%emt 00:02:29]} exf5 {[%clk 00:09:18]} {[%emt
00:11:26]} 34. gxf5 {[%clk 00:53:38]} {[%emt 00:00:23]} Rc5 {[%clk 00:09:22]}
{[%emt 00:00:26]} 35. Ke4 {[%clk 00:52:57]} {[%emt 00:01:10]} Bc6+ {[%clk
00:07:29]} {[%emt 00:02:23]} 36. Nxc6 {[%clk 00:52:59]} {[%emt 00:00:28]} Rxc6
{[%clk 00:07:52]} {[%emt 00:00:07]} 37. Rd1 {[%clk 00:51:14]} {[%emt 00:02:15]}
Rc7 {[%emt 00:04:55]} 38. Rd5 {[%clk 00:48:58]} b6 {[%clk 00:05:01]} {[%emt
00:01:42]} 39. Rd8+ {[%clk 00:47:42]} {[%emt 00:01:45]} Kf7 {[%clk 00:05:29]}
{[%emt 00:00:02]} 40. Rb8 {[%clk 00:47:56]} {[%emt 00:00:17]} a4 {[%clk
00:02:49]} {[%emt 00:03:09]} 41. bxa4 {[%clk 00:47:32]} {[%emt 00:00:55]} Rc4+
{[%clk 00:02:39]} {[%emt 00:00:40]} 42. Kd5 {[%clk 00:47:47]} {[%emt 00:00:15]}
Rxa4 {[%clk 00:03:05]} {[%emt 00:00:05]} 43. Rb7+ {[%clk 00:46:12]} {[%emt
00:02:05]} Kf8 {[%clk 00:28:37]} {[%emt 00:04:57]} 44. Ke6 {[%clk 01:12:15]}
{[%emt 00:04:26]} Ra8 {[%clk 00:28:57]} {[%emt 00:00:11]} 45. f6 {[%clk
01:11:46]} {[%emt 00:00:59]} Re8+ {[%clk 00:27:49]} {[%emt 00:01:38]} 46. Kf5
{[%clk 01:12:03]} {[%emt 00:00:12]} gxf6 {[%clk 00:27:13]} {[%emt 00:01:07]} 47.
Kxf6 {[%clk 01:12:15]} {[%emt 00:00:18]} Rc8 {[%clk 00:19:21]} {[%emt
00:08:22]} 48. Rxh7 {[%clk 01:11:05]} {[%emt 00:01:40]} Kg8 {[%clk 00:19:45]}
{[%emt 00:00:06]} 49. Rg7+ {[%clk 01:11:25]} {[%emt 00:00:10]} Kf8 {[%clk
00:19:51]} {[%emt 00:00:22]} 50. Rb7 {[%clk 01:11:26]} {[%emt 00:00:31]} b5
{[%clk 00:11:20]} {[%emt 00:09:01]} 51. e6 {[%clk 01:10:05]} {[%emt 00:01:51]}
Kg8 {[%clk 00:10:16]} {[%emt 00:01:34]} 52. Rg7+ {[%clk 01:09:38]} {[%emt
00:00:57]} Kh8 {[%clk 00:10:33]} {[%emt 00:00:13]} 53. e7 {[%clk 01:09:45]}
{[%emt 00:00:24]} b4 {[%clk 00:09:33]} {[%emt 00:01:28]} 54. Rg3 {[%clk
01:09:23]} {[%emt 00:00:52]} 1-0